Escudos de Equipes do Campeonato Barbadiano 2025 - Statistics

Estatísticas Gerais
  • Esse quiz foi jogado 6 vezes
  • A pontuação média é 9 de 10
Estatísticas das Respostas
Imagem Resposta % Correto
Brittons Hill
100%
Deacons
100%
Ellerton
100%
Kick Start
100%
Paradise
100%
Pride of Gall Hill
100%
Wotton
100%
Blackbirds
80%
Weymouth Wales
80%
Silver Sands
60%
Nenhum quiz correspondente encontrado
Distribuição das Pontuações
Porcentagem de Pessoas com Cada Pontuação
Percentil de Números Respondidos
Sua Pontuação Histórica
Você não jogou esse quiz